[Event "CRO-chT3 West"]
[Site "Croatia"]
[Date "2020.09.13"]
[Round "3.2"]
[White "Konic, Zlatko"]
[Black "Vrhovnik, Damir"]
[Result "1-0"]
[WhiteElo "2069"]
[BlackElo "2023"]
[PlyCount "133"]
[EventDate "2020.09.12"]
[EventType "team-tourn"]
[EventRounds "9"]
[EventCountry "CRO"]
[SourceTitle "EXT 2022"]
[Source "ChessBase"]
[SourceDate "2021.10.06"]
[SourceVersion "1"]
[SourceVersionDate "2021.10.06"]
[SourceQuality "1"]
[WhiteTeam "Pula II"]
[BlackTeam "Kraljevica"]
[WhiteTeamCountry "CRO"]
[BlackTeamCountry "CRO"]

1. d4 Nf6 2. c4 c5 3. d5 e6 4. Nc3 exd5 5. cxd5 d6 6. e4 g6 7. h3 Bg7 8. Nf3 0-0 9. Be2 Re8 10. Qc2 a6 11. a4 Nbd7 12. 0-0 Rb8 13. Bf4 Qc7 14. Nd2 Ne5 15. Bh2 g5 16. f4 gxf4 17. Bxf4 Ng6 18. Bh2 Nd7 19. Ra3 Nde5 20. Nc4 Nxc4 21. Bxc4 Ne5 22. Be2 Qe7 23. Kh1 Bd7 24. a5 Kh8 25. Na4 Bb5 26. Nc3 Bd7 27. Nd1 Ng6 28. Bf3 Be5 29. Bxe5+ Nxe5 30. Qc3 Rg8 31. Ne3 Rg7 32. Nf5 Bxf5 33. exf5 Rbg8 34. Qe1 Qg5 35. Be4 f6 36. Qf2 Re7 37. Bd3 Rge8 38. Be2 Qd2 39. Bh5 Qxf2 40. Rxf2 Rb8 41. b3 Nd3 42. Rf3 Nb4 43. Ra1 Re5 44. Bf7 Nxd5 45. Rd1 Ne3 46. Rxd6 Nxf5 47. Rxf6 Nd4 48. Rg3 Rf8 49. Bc4 Ree8 50. Rb6 Re7 51. Rg5 Rc7 52. Kh2 Rb8 53. Bxa6 Ra8 54. Bc4 Nc6 55. Rxc5 Rxa5 56. Rxa5 Nxa5 57. Bd5 Nc6 58. Bf3 Kg7 59. b4 h6 60. b5 Nd8 61. Rd6 Nf7 62. b6 Nxd6 63. bxc7 Kf6 64. Bxb7 Kg5 65. c8Q Nxc8 66. Bxc8 h5 67. Kg3 1-0

[Event "Rijeka Paris Memorial 40th"]
[Site "Rijeka"]
[Date "2019.10.19"]
[Round "2"]
[White "Vrhovnik, Damir"]
[Black "Safar, Sandro"]
[Result "0-1"]
[WhiteElo "2032"]
[BlackElo "2210"]
[PlyCount "54"]
[EventDate "2019.10.18"]
[EventType "swiss"]
[EventRounds "9"]
[EventCountry "CRO"]
[SourceTitle "CBM 192 Extra"]
[Source "Chessbase"]
[SourceDate "2019.11.06"]
[SourceVersion "1"]
[SourceVersionDate "2019.11.06"]
[SourceQuality "1"]

1. Nf3 f5 2. d4 Nf6 3. c4 e6 4. e3 b6 5. Be2 Bb7 6. 0-0 Be7 7. Nc3 0-0 8. d5 Bb4 9. dxe6 Bxc3 10. bxc3 dxe6 11. Nd4 Qe7 12. c5 Ne4 13. Bc4 Nxc5 14. Ba3 Bd5 15. Bxd5 exd5 16. Nb3 c6 17. Nxc5 bxc5 18. Qa4 Rc8 19. Rab1 Nd7 20. Rb7 Qd8 21. h3 Rc7 22. Rfb1 Nb6 23. Qa6 Qc8 24. Qa4 Qd8 25. Rxc7 Nd7 26. Rf1 Qxc7 27. Qc2 Qd8 0-1

[Event "CRO-chT3 West"]
[Site "Croatia"]
[Date "2017.04.09"]
[Round "6.5"]
[White "Vrhovnik, Damir"]
[Black "Rajkovic, Frano"]
[Result "1-0"]
[WhiteElo "2049"]
[BlackElo "1829"]
[PlyCount "59"]
[EventDate "2017.03.25"]
[EventType "team-tourn"]
[EventRounds "9"]
[EventCountry "CRO"]
[SourceTitle "EXT 2019"]
[Source "ChessBase"]
[SourceDate "2018.10.10"]
[SourceVersion "1"]
[SourceVersionDate "2018.10.10"]
[SourceQuality "1"]

1. Nf3 d5 2. c4 c6 3. g3 Nf6 4. Bg2 Bf5 5. b3 e6 6. Bb2 Be7 7. d3 0-0 8. 0-0 h6 9. Nbd2 Nbd7 10. Rc1 Re8 11. Re1 Bf8 12. e4 dxe4 13. dxe4 Bg4 14. e5 Nh7 15. Ne4 Nc5 16. Nd6 Bxd6 17. exd6 Ng5 18. Qd4 Nxf3+ 19. Bxf3 e5 20. Qxg4 Nd3 21. Red1 Nxc1 22. Bxc1 Qf6 23. c5 Rad8 24. b4 a6 25. a4 Re6 26. b5 axb5 27. axb5 cxb5 28. Bxb7 Rb8 29. c6 Rxd6 30. c7 1-0

[Event "CRO-chT3 West"]
[Site "Croatia"]
[Date "2017.04.09"]
[Round "5.1"]
[White "Vrhovnik, Damir"]
[Black "Zoricic, Marijan"]
[Result "0-1"]
[WhiteElo "2049"]
[BlackElo "2051"]
[PlyCount "72"]
[EventDate "2017.03.25"]
[EventType "team-tourn"]
[EventRounds "9"]
[EventCountry "CRO"]
[SourceTitle "EXT 2019"]
[Source "ChessBase"]
[SourceDate "2018.10.10"]
[SourceVersion "1"]
[SourceVersionDate "2018.10.10"]
[SourceQuality "1"]

1. Nf3 d5 2. c4 c6 3. g3 Nf6 4. Bg2 e6 5. b3 Be7 6. Bb2 0-0 7. 0-0 Nbd7 8. d3 b6 9. e3 Bb7 10. Qe2 dxc4 11. bxc4 c5 12. Nc3 a6 13. Ne1 Bxg2 14. Nxg2 Qc7 15. g4 Rfb8 16. a4 Ne8 17. f4 Qc6 18. f5 Bf6 19. Nf4 Rd8 20. fxe6 fxe6 21. Nh5 h6 22. Nxf6+ Nexf6 23. h4 Nh7 24. g5 Ne5 25. gxh6 Nxd3 26. Qg4 Rd7 27. Ne4 Nxb2 28. Nf6+ Nxf6 29. Rxf6 Kh8 30. Rxe6 Qc7 31. Rf1 gxh6 32. Rxh6+ Rh7 33. Rff6 Rg8 34. Rhg6 Qd8 35. h5 Qd1+ 36. Qxd1 Nxd1 0-1

[Event "CRO-chT3 West"]
[Site "Croatia"]
[Date "2017.04.08"]
[Round "4.5"]
[White "Vrhovnik, Damir"]
[Black "Ban, Ivoslav"]
[Result "1-0"]
[WhiteElo "2049"]
[BlackElo "1994"]
[PlyCount "125"]
[EventDate "2017.03.25"]
[EventType "team-tourn"]
[EventRounds "9"]
[EventCountry "CRO"]
[SourceTitle "EXT 2019"]
[Source "ChessBase"]
[SourceDate "2018.10.10"]
[SourceVersion "1"]
[SourceVersionDate "2018.10.10"]
[SourceQuality "1"]

1. Nf3 b6 2. g3 Bb7 3. Bg2 c5 4. 0-0 Nf6 5. c4 g6 6. Nc3 Bg7 7. Re1 0-0 8. e4 d6 9. d4 cxd4 10. Nxd4 Qd7 11. Be3 Nc6 12. Qd2 Rfd8 13. Rad1 Rac8 14. b3 Qc7 15. Nd5 Qd7 16. Nxc6 Bxc6 17. Bh6 Qe8 18. Bxg7 Kxg7 19. Nxf6 Kxf6 20. Qh6 e5 21. Qxh7 Ke7 22. f4 Qh8 23. Qxh8 Rxh8 24. Rd2 f6 25. Red1 Rcd8 26. fxe5 fxe5 27. Rf2 Rdf8 28. Rdf1 Rxf2 29. Rxf2 g5 30. Bf3 Rh6 31. Kf1 Rh8 32. Ke1 b5 33. cxb5 Bxb5 34. Bg4 Rf8 35. Rxf8 Kxf8 36. Kd2 Ke7 37. a4 Bc6 38. Bf3 a5 39. Ke3 Kf6 40. Be2 d5 41. exd5 Bxd5 42. Bc4 Bc6 43. b4 axb4 44. a5 Kf5 45. a6 Ba8 46. a7 g4 47. Bb3 Bc6 48. Bc2+ e4 49. Kd4 Ba8 50. Bb3 e3 51. Kxe3 Ke5 52. Bd1 Kd6 53. Bxg4 b3 54. Kd2 Kc7 55. Kc3 Kb6 56. Kxb3 Kxa7 57. Kc4 Kb8 58. Kd4 Kc7 59. Ke5 Kd8 60. Kf6 Ke8 61. Be6 Kf8 62. g4 Be4 63. h4 1-0

[Event "CRO-chT3 West"]
[Site "Croatia"]
[Date "2017.03.26"]
[Round "2.4"]
[White "Vrhovnik, Damir"]
[Black "Sercer, Zoran"]
[Result "0-1"]
[WhiteElo "2049"]
[BlackElo "2091"]
[PlyCount "52"]
[EventDate "2017.03.25"]
[EventType "team-tourn"]
[EventRounds "9"]
[EventCountry "CRO"]
[SourceTitle "EXT 2019"]
[Source "ChessBase"]
[SourceDate "2018.10.10"]
[SourceVersion "1"]
[SourceVersionDate "2018.10.10"]
[SourceQuality "1"]

1. Nf3 d5 2. c4 e6 3. g3 Nf6 4. Bg2 Be7 5. b3 0-0 6. Bb2 b6 7. 0-0 Bb7 8. e3 c5 9. Qe2 Nc6 10. d3 Qc7 11. Nc3 Rad8 12. Ne1 a6 13. g4 h6 14. h4 d4 15. Nd1 Nh7 16. Nf3 Nf6 17. g5 Ng4 18. Re1 h5 19. e4 Nce5 20. Bh3 Nxf3+ 21. Qxf3 Qh2+ 22. Kf1 Ne5 23. Qg2 Qxg2+ 24. Bxg2 Nxd3 25. Re2 Nf4 26. Re1 Ng6 0-1

[Event "Topusko op 3rd"]
[Site "Topusko"]
[Date "2014.08.12"]
[Round "6"]
[White "Vrhovnik, Damir"]
[Black "Ljikar, Tamara"]
[Result "1-0"]
[WhiteElo "2111"]
[BlackElo "1877"]
[PlyCount "71"]
[EventDate "2014.08.08"]
[EventType "swiss"]
[EventRounds "9"]
[EventCountry "CRO"]
[SourceTitle "CBM 162 Extra"]
[Source "ChessBase"]
[SourceDate "2014.10.17"]
[SourceVersion "1"]
[SourceVersionDate "2014.10.17"]
[SourceQuality "1"]

1. Nf3 d5 2. c4 d4 3. b4 Nf6 4. Bb2 c5 5. e3 dxe3 6. fxe3 cxb4 7. d4 Bf5 8. Be2 e6 9. 0-0 Be7 10. Nbd2 h6 11. Ne5 0-0 12. Bf3 Qc7 13. Qe2 Nc6 14. e4 Bh7 15. Nxc6 bxc6 16. e5 Nd7 17. d5 Bc5+ 18. Kh1 cxd5 19. cxd5 Rae8 20. d6 Qb8 21. Bc6 Rd8 22. Rac1 Bxd6 23. exd6 Qxd6 24. Ne4 Bxe4 25. Bxe4 Nc5 26. Rcd1 Qe7 27. Bb1 Rxd1 28. Rxd1 Qg5 29. h3 h5 30. Qc2 g6 31. Bd4 Nd7 32. Bxa7 Ne5 33. Bf2 Ra8 34. Qe4 Ra4 35. Bh4 Qf5 36. Qe3 1-0

[Event "Opatija op 2nd"]
[Site "Opatija"]
[Date "2014.07.02"]
[Round "5"]
[White "Vrhovnik, Damir"]
[Black "Jovanovic, Aleksandar1111"]
[Result "1-0"]
[WhiteElo "2095"]
[BlackElo "1825"]
[PlyCount "59"]
[EventDate "2014.06.29"]
[EventType "swiss"]
[EventRounds "9"]
[EventCountry "CRO"]
[SourceTitle "CBM 161 Extra"]
[Source "ChessBase"]
[SourceDate "2014.08.29"]
[SourceVersion "1"]
[SourceVersionDate "2014.08.29"]
[SourceQuality "1"]

1. Nf3 Nf6 2. c4 c5 3. d4 cxd4 4. Nxd4 Nc6 5. Nc3 g6 6. e4 d6 7. Be2 Bg7 8. Be3 Bd7 9. 0-0 Nxd4 10. Bxd4 Bc6 11. f3 0-0 12. Qd2 Qc7 13. b4 a6 14. Rfc1 e5 15. Be3 Rfd8 16. a4 b6 17. Nd5 Bxd5 18. cxd5 Qb8 19. Rc6 Nd7 20. a5 b5 21. Rac1 Bf8 22. R1c2 Be7 23. Rc7 Kf8 24. Qc3 Ke8 25. Qc6 h5 26. g4 hxg4 27. f4 exf4 28. Bxg4 fxe3 29. Bxd7+ Kf8 30. Rb7 1-0

[Event "Opatija op 2nd"]
[Site "Opatija"]
[Date "2014.06.29"]
[Round "1"]
[White "Vrhovnik, Damir"]
[Black "Perion, Alessandra"]
[Result "1-0"]
[WhiteElo "2095"]
[BlackElo "1605"]
[PlyCount "87"]
[EventDate "2014.06.29"]
[EventType "swiss"]
[EventRounds "9"]
[EventCountry "CRO"]
[SourceTitle "CBM 161 Extra"]
[Source "ChessBase"]
[SourceDate "2014.08.29"]
[SourceVersion "1"]
[SourceVersionDate "2014.08.29"]
[SourceQuality "1"]

1. Nf3 Nc6 2. d4 d5 3. c4 Nf6 4. Bf4 Bg4 5. e3 Nh5 6. Bg3 Nxg3 7. hxg3 e5 8. dxe5 Bb4+ 9. Nc3 Nxe5 10. cxd5 Qf6 11. Qa4+ Nc6 12. Nd4 Bd7 13. dxc6 Bxc3+ 14. bxc3 Bxc6 15. Bb5 Bxb5 16. Qxb5+ c6 17. Qxb7 0-0 18. Qxc6 Qe5 19. Qf3 Rac8 20. Qf5 Qxf5 21. Nxf5 Rxc3 22. Kd2 Rc5 23. Nd4 Rd8 24. Rac1 Rf5 25. Ke2 Re5 26. Rc7 h6 27. Kf3 Rd6 28. Rxa7 Rf6+ 29. Ke2 Rd6 30. Kd3 Rf5 31. f4 Rff6 32. Rb1 Kh7 33. Ke4 Kg6 34. Rbb7 h5 35. f5+ Kg5 36. Rxf7 Rxf7 37. Rxf7 Kh6 38. Ne6 Ra6 39. Rxg7 Rxa2 40. Rg6+ Kh7 41. Ng5+ Kh8 42. f6 Rf2 43. Nf7+ Kh7 44. Rg7# 1-0

[Event "Pula op 28th"]
[Site "Pula"]
[Date "2014.06.09"]
[Round "3"]
[White "Kastelic, Marian"]
[Black "Vrhovnik, Damir"]
[Result "0-1"]
[WhiteElo "2311"]
[BlackElo "2095"]
[PlyCount "95"]
[EventDate "2014.06.07"]
[EventType "swiss"]
[EventRounds "9"]
[EventCountry "CRO"]
[SourceTitle "CBM 160 Extra"]
[Source "ChessBase"]
[SourceDate "2014.07.01"]
[SourceVersion "1"]
[SourceVersionDate "2014.07.01"]
[SourceQuality "1"]

1. e4 c5 2. Nf3 d6 3. d4 cxd4 4. Nxd4 Nf6 5. Nc3 g6 6. f4 Nc6 7. Nf3 Bg7 8. Bd3 Qb6 9. Qe2 0-0 10. Bd2 Bg4 11. 0-0-0 Nd4 12. Qf1 Nd7 13. Kb1 Rac8 14. Nd5 Qd8 15. Ne3 Bxf3 16. gxf3 Nc5 17. h4 Nxd3 18. cxd3 Nb5 19. Ka1 Na3 20. Bb4 Nc2+ 21. Nxc2 Rxc2 22. d4 Qb6 23. Bc3 Rc8 24. Rb1 Bxd4 25. Bxd4 Qxd4 26. h5 Qf2 27. Qh3 Qg2 28. Qh4 g5 29. fxg5 Qf2 30. Qh3 Qg2 31. Qh4 Qf2 32. Qg4 Qg2 33. Qd7 Qxh1 34. Qxc8+ Rxc8 35. Rxh1 Kg7 36. Kb1 Rc5 37. f4 Rc4 38. Re1 h6 39. b3 Rc5 40. Rg1 Rc3 41. Rc1 Rxc1+ 42. Kxc1 e5 43. fxe5 dxe5 44. gxh6+ Kxh6 45. Kd2 Kxh5 46. Kd3 Kg4 47. Kc4 Kf3 48. Kd5 0-1

[Event "Rijeka Liburnija op 05"]
[Site "Rijeka"]
[Date "2014.05.26"]
[Round "8"]
[White "Dizdarevic, Mirsad"]
[Black "Vrhovnik, Damir"]
[Result "0-1"]
[WhiteElo "1863"]
[BlackElo "2114"]
[PlyCount "86"]
[EventDate "2014.05.20"]
[EventType "swiss"]
[EventRounds "9"]
[EventCountry "CRO"]
[SourceTitle "CBM 160 Extra"]
[Source "ChessBase"]
[SourceDate "2014.07.01"]
[SourceVersion "1"]
[SourceVersionDate "2014.07.01"]
[SourceQuality "1"]

1. d4 Nf6 2. Nf3 c5 3. d5 e6 4. Bg5 exd5 5. Nc3 d4 6. Nd5 Be7 7. Nxe7 Qxe7 8. Qd3 Qe6 9. Bxf6 Qxf6 10. g3 0-0 11. Bg2 Nc6 12. Qc4 d6 13. 0-0 Be6 14. Qb5 Rab8 15. Nd2 Ne5 16. Qa5 a6 17. b3 Qh6 18. Nf3 Nxf3+ 19. Bxf3 Qg6 20. c4 h5 21. Qc7 Bh3 22. Rfe1 b6 23. Qe7 Rfe8 24. Qh4 Bg4 25. Kg2 Re5 26. h3 Bxf3+ 27. exf3 Rbe8 28. Rxe5 dxe5 29. Qe4 f5 30. Qd5+ Qe6 31. Qb7 a5 32. Re1 Re7 33. Qa8+ Kh7 34. Qd8 e4 35. fxe4 fxe4 36. Qf8 Rf7 37. Qa8 e3 38. fxe3 Qf5 39. Rg1 dxe3 40. Qe8 Qf2+ 41. Kh1 e2 42. Qe4+ g6 43. Qb1 Qf1 0-1

[Event "Rijeka Liburnija op 05"]
[Site "Rijeka"]
[Date "2014.05.25"]
[Round "6"]
[White "Zrilic, Bozo"]
[Black "Vrhovnik, Damir"]
[Result "0-1"]
[WhiteElo "1933"]
[BlackElo "2114"]
[PlyCount "58"]
[EventDate "2014.05.20"]
[EventType "swiss"]
[EventRounds "9"]
[EventCountry "CRO"]
[SourceTitle "CBM 160 Extra"]
[Source "ChessBase"]
[SourceDate "2014.07.01"]
[SourceVersion "1"]
[SourceVersionDate "2014.07.01"]
[SourceQuality "1"]

1. d4 Nf6 2. c4 c5 3. d5 e6 4. Nf3 exd5 5. cxd5 d6 6. Nc3 g6 7. Bf4 a6 8. e4 Nh5 9. Bg5 f6 10. Be3 b5 11. h3 Be7 12. Bh6 Kf7 13. g4 Ng7 14. Bg2 Re8 15. Be3 Nd7 16. 0-0 Kg8 17. Qd2 Bf8 18. Qc2 Ra7 19. b4 Rc7 20. bxc5 Nxc5 21. Nd4 Bd7 22. Rac1 f5 23. exf5 gxf5 24. Nc6 Qh4 25. Bxc5 dxc5 26. f3 Bd6 27. Qf2 Bg3 28. Qxc5 Bf4 29. Nd1 Qg3 0-1

[Event "Primorie-Gorski CupT final"]
[Site "Rijeka"]
[Date "2014.05.04"]
[Round "1.1"]
[White "Kvaternik, Sinisa"]
[Black "Vrhovnik, Damir"]
[Result "0-1"]
[WhiteElo "1890"]
[BlackElo "2114"]
[PlyCount "72"]
[EventDate "2014.05.04"]
[EventType "team-k.o."]
[EventRounds "2"]
[EventCountry "CRO"]
[SourceTitle "EXT 2023"]
[Source "ChessBase"]
[SourceDate "2022.10.05"]
[SourceVersion "1"]
[SourceVersionDate "2022.10.05"]
[SourceQuality "1"]
[WhiteTeam "Kraljevica"]
[BlackTeam "Rijeka Kvarner"]
[WhiteTeamCountry "CRO"]
[BlackTeamCountry "CRO"]

1. d4 Nf6 2. c4 c5 3. Nf3 cxd4 4. Nxd4 g6 5. Nc3 Bg7 6. e4 d6 7. Be2 Nc6 8. Nxc6 bxc6 9. 0-0 0-0 10. Qc2 Qa5 11. Bd2 Qc7 12. Rad1 a5 13. b3 Bb7 14. Rfe1 Rac8 15. Bf3 Nd7 16. Bf4 Nc5 17. Qd2 Rfe8 18. Bh6 Bh8 19. h4 Rcd8 20. h5 Ne6 21. hxg6 hxg6 22. g3 Nd4 23. Kg2 Nxf3 24. Kxf3 e6 25. Rh1 Qe7 26. Ne2 d5 27. Kg2 dxe4 28. Qxa5 c5 29. Be3 Bd4 30. Nxd4 cxd4 31. Rxd4 Qf6 32. Rhd1 Rxd4 33. Rxd4 e5 34. Rd7 Bc8 35. Rd5 Qf3+ 36. Kf1 Bg4 0-1

[Event "Primorie-Gorski CupT final"]
[Site "Rijeka"]
[Date "2014.05.04"]
[Round "2.1"]
[White "Mufic, Goran"]
[Black "Vrhovnik, Damir"]
[Result "1-0"]
[WhiteElo "2252"]
[BlackElo "2114"]
[PlyCount "51"]
[EventDate "2014.05.04"]
[EventType "team-k.o."]
[EventRounds "2"]
[EventCountry "CRO"]
[SourceTitle "EXT 2023"]
[Source "ChessBase"]
[SourceDate "2022.10.05"]
[SourceVersion "1"]
[SourceVersionDate "2022.10.05"]
[SourceQuality "1"]
[WhiteTeam "Rijeka Junior"]
[BlackTeam "Rijeka Kvarner"]
[WhiteTeamCountry "CRO"]
[BlackTeamCountry "CRO"]

1. d4 Nf6 2. Nf3 c5 3. c3 g6 4. Bg5 Bg7 5. e3 0-0 6. Nbd2 d6 7. Bxf6 Bxf6 8. dxc5 dxc5 9. Ne4 Qb6 10. Nxf6+ Qxf6 11. Bc4 Nc6 12. Qd5 b6 13. 0-0-0 Be6 14. Qxc6 Bxc4 15. Qxf6 exf6 16. b3 Be6 17. Nd2 Rfd8 18. Ne4 f5 19. Nd6 a5 20. Nb5 Rac8 21. Rxd8+ Rxd8 22. Rd1 Rxd1+ 23. Kxd1 Bd5 24. f3 g5 25. c4 Kf8 26. cxd5 1-0

[Event "CRO-chT2 West"]
[Site "Croatia"]
[Date "2014.03.16"]
[Round "2.45"]
[White "Vrhovnik, Damir"]
[Black "Kovacevic, Matija"]
[Result "1-0"]
[WhiteElo "2061"]
[BlackElo "1980"]
[PlyCount "79"]
[EventDate "2014.03.15"]
[EventType "team-tourn"]
[EventRounds "9"]
[EventCountry "CRO"]
[SourceTitle "EXT 2019"]
[Source "ChessBase"]
[SourceDate "2018.10.10"]
[SourceVersion "1"]
[SourceVersionDate "2018.10.10"]
[SourceQuality "1"]
[WhiteTeam "Rijeka Kvarner"]
[BlackTeam "Buje"]
[WhiteTeamCountry "CRO"]
[BlackTeamCountry "CRO"]

1. Nf3 Nf6 2. c4 e6 3. g3 d5 4. Bg2 Be7 5. b3 0-0 6. 0-0 Nbd7 7. Bb2 dxc4 8. bxc4 c5 9. Nc3 Rb8 10. d3 a6 11. a4 b6 12. e4 Qc7 13. Qe2 Ng4 14. h3 Nge5 15. Nxe5 Nxe5 16. f4 Nc6 17. e5 f5 18. Qf2 Nb4 19. Rad1 Rd8 20. Qe3 Bb7 21. Ne2 Bxg2 22. Kxg2 Qc6+ 23. Kh2 Qxa4 24. g4 Qb3 25. Bc3 fxg4 26. f5 exf5 27. hxg4 f4 28. Qxf4 Rf8 29. Qe4 Qc2 30. Rd2 Qa4 31. Rxf8+ Rxf8 32. Ng3 Bg5 33. Re2 Bf4 34. e6 Qc6 35. e7 Bxg3+ 36. Kxg3 Qd6+ 37. Kg2 Re8 38. Bxb4 cxb4 39. Qd5+ Qxd5+ 40. cxd5 1-0

[Event "Mediterranean op 6th"]
[Site "Rijeka"]
[Date "2013.12.04"]
[Round "6"]
[White "Vrhovnik, Damir"]
[Black "Hrescak, Ivana"]
[Result "0-1"]
[WhiteElo "2108"]
[BlackElo "1869"]
[PlyCount "72"]
[EventDate "2013.11.30"]
[EventType "swiss"]
[EventRounds "9"]
[EventCountry "CRO"]
[SourceTitle "CBM 157 Extra"]
[Source "ChessBase"]
[SourceDate "2013.12.19"]
[SourceVersion "1"]
[SourceVersionDate "2013.12.19"]
[SourceQuality "1"]

1. Nf3 Nf6 2. c4 g6 3. g3 Bg7 4. Bg2 d6 5. 0-0 0-0 6. d4 c6 7. Nc3 a6 8. b3 b5 9. Bb2 Qb6 10. Rb1 Bf5 11. Rc1 Rc8 12. Nh4 Be6 13. d5 cxd5 14. cxd5 Bd7 15. Qd2 a5 16. e3 Na6 17. Nf3 b4 18. Ne2 Ne4 19. Qd3 Nxf2 20. Rxf2 Bxb2 21. Rcf1 Nc5 22. Qb1 Bf6 23. Nfd4 Qa6 24. Nc6 Bxc6 25. dxc6 Nd3 26. Rxf6 exf6 27. Rxf6 Ne5 28. Nd4 Ng4 29. Rxd6 Nxe3 30. Bh3 Re8 31. Bd7 Re5 32. Nf3 Qe2 33. Rd2 Qxf3 34. c7 Ng4 35. Bxg4 Qxg4 36. Rd8+ Re8 0-1

[Event "Mediterranean op 6th"]
[Site "Rijeka"]
[Date "2013.12.03"]
[Round "5"]
[White "Valkovic, Kristian"]
[Black "Vrhovnik, Damir"]
[Result "1/2-1/2"]
[WhiteElo "2041"]
[BlackElo "2108"]
[PlyCount "65"]
[EventDate "2013.11.30"]
[EventType "swiss"]
[EventRounds "9"]
[EventCountry "CRO"]
[SourceTitle "CBM 157 Extra"]
[Source "ChessBase"]
[SourceDate "2013.12.19"]
[SourceVersion "1"]
[SourceVersionDate "2013.12.19"]
[SourceQuality "1"]

1. g3 c5 2. Bg2 g6 3. f4 d5 4. Nf3 Nf6 5. d3 Bg7 6. 0-0 0-0 7. Nc3 d4 8. Ne4 Nxe4 9. dxe4 Qb6 10. e5 Nc6 11. a3 Bf5 12. Nd2 Rad8 13. h3 f6 14. g4 Bc8 15. exf6 exf6 16. Nc4 Qc7 17. f5 Qf7 18. b3 gxf5 19. gxf5 Ne7 20. Qd3 Qh5 21. Be4 Kh8 22. Qf3 Qxf3 23. Rxf3 Nd5 24. Bd2 Rfe8 25. Bd3 b6 26. Kf2 Rg8 27. Rg1 Bf8 28. Rxg8+ Kxg8 29. e4 dxe3+ 30. Nxe3 Nxe3 31. Bxe3 Bb7 32. Bc4+ Bd5 33. Bxd5+ 1/2-1/2

[Event "Wch Seniors 23rd"]
[Site "Opatija"]
[Date "2013.11.21"]
[Round "9"]
[White "Vrhovnik, Damir"]
[Black "Gruzmann, Boris"]
[Result "1-0"]
[WhiteElo "2108"]
[BlackElo "2249"]
[PlyCount "99"]
[EventDate "2013.11.12"]
[EventType "swiss"]
[EventRounds "11"]
[EventCountry "CRO"]
[SourceTitle "CBM 157 Extra"]
[Source "ChessBase"]
[SourceDate "2013.12.19"]
[SourceVersion "1"]
[SourceVersionDate "2013.12.19"]
[SourceQuality "1"]

1. Nf3 g6 2. c4 Bg7 3. d4 Nf6 4. Nc3 d6 5. g3 0-0 6. Bg2 Nc6 7. 0-0 a6 8. b3 Rb8 9. a4 Bg4 10. Bb2 Qd7 11. Re1 h6 12. Qd2 Nh7 13. Nd5 Bxf3 14. Bxf3 Ng5 15. Bg2 e6 16. h4 Nh7 17. Ne3 Ne7 18. Nc2 d5 19. Ba3 Rfd8 20. Bxe7 Qxe7 21. cxd5 exd5 22. Qa5 h5 23. Rad1 Bf8 24. e4 dxe4 25. Bxe4 Qd7 26. Ne3 Re8 27. Bf3 Bh6 28. Nc4 Rxe1+ 29. Qxe1 Re8 30. Qb4 b6 31. Ne5 Qe7 32. Qc4 Kg7 33. Qxa6 f6 34. Nd3 Qd6 35. Qc4 Nf8 36. Kg2 Rd8 37. d5 Nd7 38. Re1 Ne5 39. Nxe5 fxe5 40. Qe4 Re8 41. Re2 Re7 42. Rc2 Qf6 43. b4 g5 44. Rc6 Qf7 45. hxg5 Bxg5 46. a5 bxa5 47. bxa5 Bd2 48. a6 Ba5 49. a7 Re8 50. a8Q 1-0

[Event "Wch Seniors 23rd"]
[Site "Opatija"]
[Date "2013.11.19"]
[Round "7"]
[White "Vrhovnik, Damir"]
[Black "Gergel, Vladimir P"]
[Result "0-1"]
[WhiteElo "2108"]
[BlackElo "2237"]
[PlyCount "112"]
[EventDate "2013.11.12"]
[EventType "swiss"]
[EventRounds "11"]
[EventCountry "CRO"]
[SourceTitle "CBM 157 Extra"]
[Source "ChessBase"]
[SourceDate "2013.12.19"]
[SourceVersion "1"]
[SourceVersionDate "2013.12.19"]
[SourceQuality "1"]

1. Nf3 g6 2. c4 Bg7 3. d4 d6 4. Nc3 Nf6 5. g3 0-0 6. Bg2 Nc6 7. 0-0 a6 8. b3 Rb8 9. a4 Bg4 10. h3 Bxf3 11. Bxf3 Nd7 12. e3 e5 13. dxe5 Ncxe5 14. Bb2 Nxf3+ 15. Qxf3 Nc5 16. Qd1 Qd7 17. Kh2 Ne4 18. Rc1 h5 19. h4 Nf6 20. f3 Qe6 21. Qd3 c6 22. Rcd1 Rfd8 23. e4 Rd7 24. Ne2 Rbd8 25. Nf4 Qe7 26. Bd4 c5 27. Bc3 b6 28. Rf2 Rb8 29. Rfd2 Bh6 30. Bxf6 Qxf6 31. Nd5 Qe6 32. Re2 Bg7 33. Rde1 Bd4 34. f4 Kg7 35. Qf3 Qg4 36. Kg2 b5 37. axb5 axb5 38. e5 dxe5 39. fxe5 Ra7 40. e6 fxe6 41. Rxe6 Qxf3+ 42. Kxf3 Ra3 43. cxb5 Rxb3+ 44. Ke4 R8xb5 45. g4 hxg4 46. Kf4 Rf3+ 47. Kxg4 Rbb3 48. Rh1 Rg3+ 49. Kf4 Rbf3+ 50. Ke4 Rf5 51. Rd6 Rh5 52. Re6 Kh6 53. Kf4 Rg2 54. Kf3 Rf2+ 55. Kg3 Rhf5 56. Rhe1 R5f3+ 0-1

[Event "Wch Seniors 23rd"]
[Site "Opatija"]
[Date "2013.11.16"]
[Round "5"]
[White "Vrhovnik, Damir"]
[Black "Barkman, Rolf"]
[Result "1-0"]
[WhiteElo "2108"]
[BlackElo "1867"]
[PlyCount "64"]
[EventDate "2013.11.12"]
[EventType "swiss"]
[EventRounds "11"]
[EventCountry "CRO"]
[SourceTitle "CBM 157 Extra"]
[Source "ChessBase"]
[SourceDate "2013.12.19"]
[SourceVersion "1"]
[SourceVersionDate "2013.12.19"]
[SourceQuality "1"]

1. Nf3 f5 2. d4 d5 3. e3 Nf6 4. Bd3 c5 5. dxc5 Nc6 6. 0-0 e5 7. Bb5 Qc7 8. b4 Be6 9. Bb2 Nd7 10. Nc3 Nf6 11. Ne2 Nd7 12. Rb1 Be7 13. Ba4 0-0 14. a3 a6 15. Bb3 Rad8 16. Bxd5 Nxc5 17. c4 Bxd5 18. cxd5 Ne4 19. Qb3 Bd6 20. dxc6+ Kh8 21. cxb7 Qxb7 22. Nc3 Nf6 23. Ng5 Rde8 24. Rbd1 Bb8 25. Nd5 h6 26. Nxf6 Rxf6 27. Nh3 Rg6 28. Qd5 Qe7 29. Qd7 Qf8 30. f4 Kh7 31. fxe5 Bxe5 32. Rxf5 Bf6 1-0

[Event "Wch Seniors 23rd"]
[Site "Opatija"]
[Date "2013.11.14"]
[Round "3"]
[White "Bauza Mercere, Eduardo"]
[Black "Vrhovnik, Damir"]
[Result "0-1"]
[WhiteElo "1811"]
[BlackElo "2108"]
[PlyCount "46"]
[EventDate "2013.11.12"]
[EventType "swiss"]
[EventRounds "11"]
[EventCountry "CRO"]
[SourceTitle "CBM 157 Extra"]
[Source "ChessBase"]
[SourceDate "2013.12.19"]
[SourceVersion "1"]
[SourceVersionDate "2013.12.19"]
[SourceQuality "1"]

1. e4 c5 2. Nf3 d6 3. d4 cxd4 4. Nxd4 Nf6 5. Nc3 g6 6. Be2 Bg7 7. 0-0 0-0 8. Kh1 a6 9. a4 b6 10. Bg5 Bb7 11. f3 Nbd7 12. Qd2 Re8 13. Rae1 Qc7 14. Bd3 Rac8 15. f4 h6 16. Bh4 e5 17. fxe5 dxe5 18. Nb3 g5 19. Bxg5 hxg5 20. Qxg5 Nh7 21. Qf5 Ndf6 22. Re3 Qd7 23. Qf2 Ng4 0-1